|
|
|
|
| LEADER |
00649nam a2200253 a 4500 |
| 001 |
adlib96000001 |
| 003 |
ViArRB |
| 005 |
20151026130750.0 |
| 008 |
960221s1955 dcuabcdjdbkoqu001 0deng d |
| 020 |
|
|
|
| 022 |
|
|
|
| 040 |
|
|
|a Adlib
|
| 082 |
|
|
|a 620.18
|
| 245 |
|
|
|a Interpretation of metallographic structures
|
| 250 |
|
|
|
| 260 |
|
|
|a San
|b Diego: Academic
|c 1990
|
| 300 |
|
|
|a xiv, 282p.
|
| 500 |
|
|
|a
|
| 100 |
|
|
|a Rostoker, William
|
| 700 |
|
|
|
| 942 |
|
|
|c BK
|6 _
|
| 653 |
|
|
|a Metallurgy
|a Metallography
|
| 999 |
|
|
|c 12623
|d 12623
|
| 952 |
|
|
|0 0
|1 0
|4 0
|6 62018_ROS
|7 0
|9 24080
|a UL
|b UL
|d 2010-06-16
|o 620.18 ROS
|p 00036949
|r 2010-06-16
|w 2010-06-16
|y BK
|